00498nam a2200193 a 4500001001300000003000900013005001700022008004100039020001000080082001900090100001800109245002400127260004400151300000900195500003500204505003200239650001500271700001800286nice12345678IN_TiNIC20260116011905.0050524s1916 cala grp 000 0 eng  ac10000a294.59218bURQ aUrquhart, W S aUpanishads and Life aCalcuttabScottish Church Collegec1916 a150p aincludes index and biblioraphy2 athree parts of first volume aUpanishads1 aUrquhart, W S